000 01166cam a2200301 i 4500
001 15756
003 BD-RjUL
005 20211208235900.0
008 140210t1979 coua b 000 0 eng
020 _a0891583971
035 _a(BD-RjUL)15811
040 _aDLC
_cDLC
_dDLC
_dBD-RjUL
_beng
041 _aeng
082 0 0 _a658.809507
_bMAR 1979
_223
245 0 0 _aMarketing scientific and technical information /
_cedited by William R. King and Gerald Zaltman.
260 _aBoulder, Colo. :
_bWestview Press,
_cc1979.
300 _axiii, 234 p. :
_bdiagrs. ;
_c24 cm.
500 _aPapers presented at a conference sponsored by the National Science Foundation and held at the Graduate School of Business, University of Pittsburgh.
504 _aIncludes bibliographical references.
650 0 _aTechnical literature
_xMarketing.
_948877
650 0 _aScientific literature
_xMarketing.
_948878
700 1 _aKing, William Richard,
_d1938-
_948879
700 1 _aZaltman, Gerald.
_948880
710 2 _aNational Science Foundation (U.S.)
_917485
942 _2ddc
_cBK
999 _c15756
_d15756